[Event "Mundolsheim-Obernai"]
[Site "Obernai"]
[Date "2008.01.19"]
[Round "5.3"]
[White "Hoffmann, Regis"]
[Black "Grandidier, Raphael"]
[Result "1/2-1/2"]
[WhiteElo "2127"]
[BlackElo "2009"]
[PlyCount "72"]
[EventDate "2008.01.19"]
[SourceDate "2007.10.27"]

1. d4 Nf6 2. Bg5 g6 3. Nc3 d5 4. Nf3 Bg7 5. e3 Ne4 6. Nxe4 dxe4 7. Nd2 c5 8. c3
cxd4 9. cxd4 Qd5 10. Bf4 O-O 11. Bc4 Qa5 12. O-O Bf5 13. b4 Qxb4 14. Rb1 Qa5
15. Rb5 Qd8 16. Rxb7 Nc6 17. Rb5 Rc8 18. Rd5 Qb6 19. Qa4 Qb2 20. Rd1 Bg4 21. f3
exf3 22. gxf3 Bf5 23. Bb3 e5 24. Rb5 Qc3 25. Rc5 Nxd4 26. Rxc3 Ne2+ 27. Kg2
Nxc3 28. Qa5 exf4 29. e4 Nxd1 30. Bxd1 Be6 31. Bb3 Bc3 32. Qa6 Bxd2 33. Bxe6
fxe6 34. Qxe6+ Kh8 35. Qe5+ Kg8 36. Qe6+ Kh8 1/2-1/2

[Event "Mundolsheim-Obernai"]
[Site "Obernai"]
[Date "2008.01.19"]
[Round "5.4"]
[White "Remaitre, Alexandre"]
[Black "Duchateau, Thomas"]
[Result "1/2-1/2"]
[WhiteElo "2043"]
[BlackElo "2133"]
[PlyCount "53"]
[EventDate "2008.01.19"]
[SourceDate "2007.10.27"]

1. e4 c5 2. Nf3 d6 3. Bb5+ Bd7 4. Bxd7+ Qxd7 5. d4 cxd4 6. Qxd4 Nc6 7. Qd3 g6
8. O-O Bg7 9. c4 Nf6 10. Nc3 O-O 11. Rb1 Rfc8 12. b3 Rab8 13. h3 a6 14. a4 Qd8
15. Nd5 Nd7 16. Bg5 h6 17. Bh4 g5 18. Bg3 Nde5 19. Nxe5 Nxe5 20. Qd2 e6 21. Nc3
Qa5 22. Rfc1 Rd8 23. Qe3 Nc6 24. Ne2 Rbc8 25. Rd1 b5 26. axb5 axb5 27. Rxd6
1/2-1/2

[Event "Mundolsheim-Obernai"]
[Site "Obernai"]
[Date "2008.01.19"]
[Round "5.5"]
[White "Martin, Cedric"]
[Black "Brunstein, Sandrine"]
[Result "1-0"]
[WhiteElo "2102"]
[BlackElo "2076"]
[PlyCount "161"]
[EventDate "2008.01.19"]
[SourceDate "2007.10.27"]

1. e4 e6 2. d4 d5 3. Nd2 Nf6 4. e5 Nfd7 5. f4 c5 6. c3 Nc6 7. Ndf3 cxd4 8. cxd4
Qb6 9. h4 Bb4+ 10. Kf2 f6 11. Be3 O-O 12. Ne2 Be7 13. Qd2 Qd8 14. Kg1 b5 15.
Rc1 Bb7 16. Ng3 a6 17. Bd3 Bb4 18. Qd1 Qe8 19. Bb1 f5 20. h5 Be7 21. Kf2 Nb6
22. Qe2 Nc4 23. Rcg1 Nxe3 24. Qxe3 Rc8 25. Ne2 Bd8 26. g4 Ne7 27. Qd3 Rc6 28.
Ng3 Bc8 29. Rg2 Bb6 30. Rhg1 Rc7 31. Nf1 Rc1 32. Ke3 Qc6 33. Kd2 Ba5+ 34. Ke2
Rf7 35. Ne3 Rxg1 36. Rxg1 Bb6 37. gxf5 Nxf5 38. Nxf5 exf5 39. Ng5 Rf8 40. Ke3
Qe8 41. Qe2 Qe7 42. Qg2 Rd8 43. Bc2 Qa7 44. Nf3 Be6 45. Qg5 Rf8 46. Bd3 Qf7 47.
Qg2 Qa7 48. Ke2 Rf7 49. Ke3 Rc7 50. Qg5 Rf7 51. Rc1 Qd7 52. Qg2 h6 53. Qc2 Rf8
54. Qc6 Rc8 55. Qxc8+ Qxc8 56. Rxc8+ Bxc8 57. Nh4 Bd7 58. Bxf5 Be8 59. Be6+ Kh7
60. Bf5+ Kg8 61. Bg6 Bd7 62. f5 Kf8 63. Ng2 Bd8 64. Nf4 Bg5 65. Kf3 Bxf4 66.
Kxf4 b4 67. f6 a5 68. Bf5 Be8 69. Be6 gxf6 70. exf6 Bxh5 71. Bxd5 Bg6 72. Ke3
Bb1 73. Be6 Bd3 74. d5 Bb5 75. d6 h5 76. d7 Bxd7 77. Bxd7 Kf7 78. Be6+ Kf8 79.
b3 h4 80. Bh3 Kf7 81. Ke4 1-0

[Event "Mundolsheim-Obernai"]
[Site "Obernai"]
[Date "2008.01.19"]
[Round "5.7"]
[White "Sengsavath, Sengsouriya"]
[Black "Riotte, Christian"]
[Result "0-1"]
[WhiteElo "2011"]
[BlackElo "2035"]
[PlyCount "146"]
[EventDate "2008.01.19"]
[SourceDate "2007.10.27"]

1. e4 c6 2. c4 d5 3. exd5 cxd5 4. d4 Nf6 5. Nc3 e6 6. Nf3 Be7 7. Bd3 O-O 8. O-O
b6 9. Re1 dxc4 10. Bxc4 Bb7 11. a3 Nd5 12. Ba2 Nxc3 13. bxc3 Bf6 14. Bf4 Nc6
15. Qd3 Na5 16. Rad1 Rc8 17. Bb1 g6 18. Bh6 Bg7 19. Bxg7 Kxg7 20. Ne5 Qc7 21.
Re3 Nc4 22. Nxc4 Qxc4 23. Qd2 h5 24. Rg3 h4 25. Rg4 h3 26. Qe3 Qd5 27. Be4 Qh5
28. Qxh3 Qxh3 29. gxh3 Bxe4 30. Rxe4 Rxc3 31. Re3 Rfc8 32. Rdd3 Rxd3 33. Rxd3
Rd8 34. Kf1 e5 35. d5 e4 36. Rd1 f5 37. Ke2 Kf6 38. f4 exf3+ 39. Kxf3 Rd6 40.
Kf4 g5+ 41. Ke3 Ke5 42. Rg1 Rxd5 43. Rxg5 Ra5 44. Kf3 Rxa3+ 45. Kg2 Kf4 46. h4
Rc3 47. Rg6 Rc7 48. h5 Rh7 49. h6 b5 50. Ra6 Kg5 51. Ra5 a6 52. Rxa6 Rxh6 53.
Ra5 Rb6 54. Kf3 b4 55. Ra2 b3 56. Rb2 Rb4 57. Kg3 Kh5 58. Kh3 f4 59. Kg2 Kg4
60. Kf2 Kf5 61. Kf3 Ke5 62. h4 Kd4 63. Rxb3 Rxb3+ 64. Kxf4 Rh3 65. Kg5 Ke5 66.
h5 Rg3+ 67. Kh6 Kf6 68. Kh7 Kf7 69. Kh6 Rh3 70. Kg5 Kg7 71. Kg4 Rh1 72. Kg5 Kh7
73. Kg4 Kh6 0-1

[Event "Mundolsheim-Obernai"]
[Site "Obernai"]
[Date "2008.01.19"]
[Round "5.8"]
[White "Koehler, Jerome"]
[Black "Bodlenner, Camille"]
[Result "1-0"]
[WhiteElo "2038"]
[BlackElo "1882"]
[PlyCount "103"]
[EventDate "2008.01.19"]
[SourceDate "2007.10.27"]

1. e4 c5 2. Nc3 Nc6 3. f4 e6 4. Bc4 g6 5. Nf3 Bg7 6. f5 Nge7 7. fxe6 dxe6 8. d3
Nd4 9. O-O O-O 10. Ne2 b5 11. Bb3 Bb7 12. Nexd4 cxd4 13. Ng5 Qb6 14. Qg4 h6 15.
Nxf7 Rxf7 16. Bxe6 Raf8 17. Rxf7 Rxf7 18. Bd2 Bc8 19. Bxc8 Nxc8 20. Qxc8+ Kh7
21. Rf1 Rc7 22. Qe8 Qc5 23. Ba5 Re7 24. Qd8 Qg5 25. Bd2 Qe5 26. Bf4 Qe6 27. Qd6
Qxd6 28. Bxd6 Re6 29. Bc5 Rc6 30. b4 Bf6 31. Rf2 a6 32. Kf1 Kg7 33. Ke2 a5 34.
a3 a4 35. Rxf6 Kxf6 36. Bxd4+ Ke6 37. c3 Rc7 38. Bc5 Rf7 39. d4 Rf4 40. Ke3 Rf1
41. d5+ Kd7 42. e5 Re1+ 43. Kd4 Rd1+ 44. Ke4 Re1+ 45. Be3 Ra1 46. e6+ Ke7 47.
Ke5 Re1 48. d6+ Kd8 49. Ke4 g5 50. Kf3 Kc8 51. d7+ Kc7 52. Bb6+ 1-0

[Event "Metz Fischer II-Vandoeuvre II"]
[Site "Vandoeuvre"]
[Date "2008.01.19"]
[Round "5.1"]
[White "Gladyszev, Oleg"]
[Black "Henrichs, Thomas"]
[Result "1/2-1/2"]
[WhiteElo "2485"]
[BlackElo "2481"]
[PlyCount "37"]
[EventDate "2008.01.19"]
[SourceDate "2007.10.27"]

1. d4 d5 2. c4 e6 3. Nc3 c6 4. Nf3 dxc4 5. a4 Bb4 6. Bd2 Nf6 7. e3 c5 8. Bxc4
Nc6 9. Ne2 Bxd2+ 10. Qxd2 O-O 11. dxc5 Ne4 12. Qxd8 Rxd8 13. Ned4 Nb4 14. Ke2
Nxc5 15. Rhd1 Bd7 16. Nb5 a6 17. Nc3 Bc6 18. b3 Kf8 19. Ne1 1/2-1/2

[Event "Metz Fischer II-Vandoeuvre II"]
[Site "Vandoeuvre"]
[Date "2008.01.19"]
[Round "5.2"]
[White "Zaragatski, Ilja"]
[Black "Senff, Martin"]
[Result "1/2-1/2"]
[WhiteElo "2469"]
[BlackElo "2457"]
[PlyCount "46"]
[EventDate "2008.01.19"]
[SourceDate "2007.10.27"]

1. e4 c5 2. Nf3 d6 3. Bb5+ Bd7 4. Bxd7+ Qxd7 5. c4 Nf6 6. Nc3 g6 7. d4 cxd4 8.
Nxd4 Bg7 9. O-O O-O 10. f3 Rc8 11. b3 d5 12. exd5 Nxd5 13. Nxd5 e6 14. Bh6 exd5
15. Bxg7 Kxg7 16. cxd5 Qxd5 17. Ne2 Qe5 18. Qd4 Nc6 19. Qxe5+ Nxe5 20. Rac1
Rxc1 21. Rxc1 Rd8 22. Rc7 Rd7 23. Rxd7 Nxd7 1/2-1/2

[Event "Metz Fischer II-Vandoeuvre II"]
[Site "Vandoeuvre"]
[Date "2008.01.19"]
[Round "5.3"]
[White "Souleidis, Georgios"]
[Black "Becker, Martin"]
[Result "1-0"]
[WhiteElo "2421"]
[BlackElo "2365"]
[PlyCount "63"]
[EventDate "2008.01.19"]
[SourceDate "2007.10.27"]

1. e4 c5 2. Nf3 d6 3. d4 cxd4 4. Nxd4 Nf6 5. Nc3 a6 6. g3 e5 7. Nde2 Nbd7 8.
Bg2 b5 9. h3 Bb7 10. g4 Nc5 11. Ng3 g6 12. O-O Ne6 13. Re1 Rc8 14. Nd5 Bg7 15.
g5 Nd7 16. h4 h6 17. Bh3 Ndf8 18. Nf6+ Bxf6 19. gxf6 Rc6 20. c3 Qxf6 21. a4 b4
22. h5 bxc3 23. bxc3 Nd7 24. Rb1 Ndc5 25. hxg6 fxg6 26. Be3 Rh7 27. Qd5 Rb6 28.
Qc4 Rxb1 29. Rxb1 Rc7 30. Bxc5 Nxc5 31. Qg8+ Ke7 32. Qb8 1-0

[Event "Metz Fischer II-Vandoeuvre II"]
[Site "Vandoeuvre"]
[Date "2008.01.19"]
[Round "5.4"]
[White "Iglesias, Joachim"]
[Black "Carrillo, Jesus"]
[Result "1-0"]
[WhiteElo "2168"]
[BlackElo "2164"]
[PlyCount "79"]
[EventDate "2008.01.19"]
[SourceDate "2007.10.27"]

1. d4 Nf6 2. c4 g6 3. Nc3 Bg7 4. Nf3 d6 5. Bg5 h6 6. Bh4 O-O 7. e3 Nbd7 8. Qc2
c6 9. Be2 e5 10. Rd1 Qe7 11. dxe5 dxe5 12. Nd2 Nc5 13. b4 Na6 14. a3 Bf5 15.
Bxf6 Bxf6 16. Bd3 Bxd3 17. Qxd3 Rad8 18. Qc2 Bg7 19. O-O Nc7 20. c5 f5 21. Nc4
e4 22. Rd6 Nd5 23. Nxd5 cxd5 24. Rxd8 Rxd8 25. Na5 Kh7 26. Rd1 f4 27. Nb3 fxe3
28. fxe3 Qg5 29. Qe2 h5 30. Nd4 Bh6 31. Re1 Re8 32. Qf2 Qe7 33. Rf1 Rf8 34. Qg3
h4 35. Qh3 Rxf1+ 36. Kxf1 Qg5 37. Qd7+ Kh8 38. Qc8+ Kh7 39. Qxb7+ Bg7 40. Qxg7+
1-0

[Event "Metz Fischer II-Vandoeuvre II"]
[Site "Vandoeuvre"]
[Date "2008.01.19"]
[Round "5.5"]
[White "Staeger, Pascal"]
[Black "Julian, Stephane"]
[Result "1-0"]
[WhiteElo "2099"]
[BlackElo "2146"]
[PlyCount "67"]
[EventDate "2008.01.19"]
[SourceDate "2007.10.27"]

1. e4 c5 2. Nc3 Nc6 3. g3 g6 4. Bg2 Bg7 5. d3 e6 6. Be3 d6 7. Qd2 Rb8 8. f4
Nge7 9. Nf3 b5 10. O-O O-O 11. Bf2 b4 12. Nd1 Nd4 13. c3 bxc3 14. bxc3 Nxf3+
15. Bxf3 Qa5 16. Re1 d5 17. e5 d4 18. Re2 Rd8 19. c4 Qc7 20. Be1 Bb7 21. Bxb7
Rxb7 22. Nf2 Rdb8 23. Ne4 Nf5 24. Bf2 h5 25. h3 a5 26. g4 hxg4 27. hxg4 Nh6 28.
g5 Nf5 29. Be1 Kf8 30. Qxa5 Qxa5 31. Bxa5 Rb1+ 32. Rxb1 Rxb1+ 33. Kf2 Ne3 34.
Be1 1-0

[Event "Metz Fischer II-Vandoeuvre II"]
[Site "Vandoeuvre"]
[Date "2008.01.19"]
[Round "5.6"]
[White "Klipper, Rebecca"]
[Black "Kirsch, Bernard"]
[Result "1/2-1/2"]
[WhiteElo "2060"]
[BlackElo "2093"]
[PlyCount "71"]
[EventDate "2008.01.19"]
[SourceDate "2007.10.27"]

1. d4 Nf6 2. Nf3 c5 3. e3 d5 4. c3 Nc6 5. Bd3 Bg4 6. Nbd2 Rc8 7. Qa4 Bd7 8. Bb5
a6 9. Bxc6 Bxc6 10. Qc2 b6 11. Ne5 Bb7 12. Ndf3 e6 13. O-O Bd6 14. dxc5 Bxc5
15. Qa4+ b5 16. Qh4 O-O 17. Nd4 Qd6 18. Ng4 Nxg4 19. Qxg4 e5 20. b4 Bxb4 21.
cxb4 exd4 22. Bb2 f6 23. Qxd4 Rc4 24. Qd2 Rfc8 25. a3 Rc2 26. Qd4 R8c4 27. Qa7
Bc8 28. Bd4 h5 29. Bc5 Qe6 30. Rad1 Qc6 31. Qe7 Be6 32. f4 d4 33. e4 Qxe4 34.
Qe8+ Kh7 35. Qxh5+ Kg8 36. Qe8+ 1/2-1/2

[Event "Metz Fischer II-Vandoeuvre II"]
[Site "Vandoeuvre"]
[Date "2008.01.19"]
[Round "5.7"]
[White "Hartmann, Dominique"]
[Black "Steil Antoni, Fiona"]
[Result "1-0"]
[WhiteElo "1966"]
[BlackElo "2122"]
[PlyCount "101"]
[EventDate "2008.01.19"]
[SourceDate "2007.10.27"]

1. Nf3 Nf6 2. b3 d5 3. Bb2 e6 4. e3 Be7 5. c4 O-O 6. Be2 c5 7. O-O Nc6 8. cxd5
exd5 9. d4 b6 10. dxc5 bxc5 11. Ne5 Nxe5 12. Bxe5 Bb7 13. Nd2 Rc8 14. Rc1 Qb6
15. Qc2 Rfd8 16. Rfd1 Qe6 17. Qb2 d4 18. exd4 cxd4 19. Rxc8 Rxc8 20. Bf3 Qxe5
21. Bxb7 Rc7 22. Nc4 Qb5 23. Bf3 Rxc4 24. Be2 Ng4 25. Bxc4 Qh5 26. Qxd4 Qxh2+
27. Kf1 Qh1+ 28. Ke2 Qxg2 29. Qf4 Nf6 30. Rd7 Kf8 31. Qb8+ Ne8 32. Qf4 Nf6 33.
Rc7 g5 34. Qf5 h5 35. Rxe7 Kxe7 36. Qe5+ Kf8 37. Qxf6 Qg4+ 38. Ke1 Qe4+ 39. Kd2
Qg6 40. Qh8+ Ke7 41. Qe5+ Kf8 42. Qb8+ Kg7 43. Qxa7 Qd6+ 44. Ke2 Qe5+ 45. Kf1
Qa1+ 46. Kg2 h4 47. Qxf7+ Kh6 48. Qf8+ Kh5 49. Be2+ Kg6 50. Bd3+ Kh5 51. Qf7+
1-0

[Event "Metz Fischer II-Vandoeuvre II"]
[Site "Vandoeuvre"]
[Date "2008.01.19"]
[Round "5.8"]
[White "Vigneron, Jean"]
[Black "Lupfer, Anny"]
[Result "1-0"]
[WhiteElo "1923"]
[BlackElo "1746"]
[PlyCount "85"]
[EventDate "2008.01.19"]
[SourceDate "2007.10.27"]

1. d4 d5 2. Bf4 Nf6 3. e3 Bf5 4. c4 c6 5. Qb3 Qb6 6. c5 Qxb3 7. axb3 g6 8. Nc3
Nbd7 9. h3 Bg7 10. b4 Ne4 11. Nf3 Nxc3 12. bxc3 Nf6 13. Be2 Ne4 14. Ra3 O-O 15.
Nd2 Rfe8 16. g4 Bd7 17. Nxe4 dxe4 18. Be5 Be6 19. Bxg7 Kxg7 20. O-O f5 21. gxf5
Bxf5 22. Kh2 a6 23. f4 exf3 24. Bxf3 Rf8 25. Be2 Rae8 26. c4 e6 27. Raa1 Re7
28. Rad1 Rd8 29. Bf3 g5 30. e4 Bg6 31. d5 exd5 32. exd5 cxd5 33. cxd5 Be8 34.
d6 Re3 35. Bxb7 Bb5 36. Rfe1 Rxe1 37. Rxe1 Rd7 38. Bg2 Rf7 39. c6 Rf2 40. Kg1
Rxg2+ 41. Kxg2 Bxc6+ 42. Kg3 Kf6 43. Re7 1-0

[Event "Grenoble-Bischwiller II"]
[Site "Montrevel en Bresse"]
[Date "2008.01.19"]
[Round "5.1"]
[White "Foisor, Ovidiu"]
[Black "Vasilev, Milen"]
[Result "0-1"]
[WhiteElo "2401"]
[BlackElo "2470"]
[PlyCount "80"]
[EventDate "2008.01.19"]
[SourceDate "2007.10.27"]

1. c4 e5 2. g3 Nf6 3. Bg2 Nc6 4. Nf3 Bc5 5. Nc3 O-O 6. O-O d6 7. d3 h6 8. Na4
Re8 9. Nxc5 dxc5 10. b3 Qd6 11. Bb2 Bf5 12. Qd2 a5 13. Rad1 a4 14. Nh4 Bh7 15.
f4 e4 16. Bxf6 Qxf6 17. dxe4 Bxe4 18. e3 axb3 19. axb3 Nb4 20. Bxe4 Rxe4 21.
Ng2 Ree8 22. Qd5 Re7 23. Qd2 Kh7 24. Rf2 Qf5 25. Qc3 Rd7 26. Rxd7 Qxd7 27. Rd2
Qf5 28. Ne1 Qb1 29. Rb2 Qa1 30. Qd2 Ra6 31. Qe2 Rd6 32. Rd2 Qc3 33. Rxd6 cxd6
34. e4 Qxb3 35. e5 dxe5 36. fxe5 Qb1 37. e6 fxe6 38. Qxe6 Nc6 39. Kg2 Nd4 40.
Qe7 Qa2+ 0-1

[Event "Grenoble-Bischwiller II"]
[Site "Montrevel en Bresse"]
[Date "2008.01.19"]
[Round "5.2"]
[White "Dobosz, Henryk"]
[Black "Foisor, Cristina"]
[Result "1/2-1/2"]
[WhiteElo "2430"]
[BlackElo "2412"]
[PlyCount "109"]
[EventDate "2008.01.19"]
[SourceDate "2007.10.27"]

1. d4 d5 2. c4 c6 3. Nc3 Nf6 4. e3 g6 5. Nf3 Bg7 6. Bd3 O-O 7. O-O Bg4 8. h3
Bxf3 9. Qxf3 e6 10. Rd1 Nbd7 11. Qe2 Qc7 12. Bd2 Rad8 13. Rac1 Qb8 14. Be1 a6
15. Qc2 Rc8 16. b4 dxc4 17. Bxc4 e5 18. dxe5 Qxe5 19. Qb3 Qe7 20. Be2 Rfd8 21.
a4 Bf8 22. b5 Nc5 23. Qa2 axb5 24. axb5 Ra8 25. Qc2 Qe6 26. Rxd8 Rxd8 27. bxc6
bxc6 28. Na4 Nxa4 29. Qxa4 c5 30. Bc4 Qe8 31. Qa2 Bd6 32. Rb1 Rb8 33. Rxb8 Bxb8
34. Kf1 Ne4 35. Qb3 Bd6 36. Qb7 Ng5 37. Qd5 Qe4 38. f4 Qxd5 39. Bxd5 Ne6 40.
Ke2 Nc7 41. Bc4 Kf8 42. g4 Ke7 43. Kd3 Ne6 44. Bc3 f6 45. Ke4 Nc7 46. Bb2 Na8
47. Bg8 Nb6 48. Kd3 h6 49. h4 h5 50. gxh5 gxh5 51. Bb3 c4+ 52. Bxc4 Nxc4 53.
Kxc4 Ke6 54. Bc3 f5 55. Be1 1/2-1/2

[Event "Grenoble-Bischwiller II"]
[Site "Montrevel en Bresse"]
[Date "2008.01.19"]
[Round "5.3"]
[White "Foisor, Sabina"]
[Black "Genzling, Alain"]
[Result "1-0"]
[WhiteElo "2386"]
[BlackElo "2264"]
[PlyCount "127"]
[EventDate "2008.01.19"]
[SourceDate "2007.10.27"]

1. c4 Nf6 2. d4 g6 3. Nc3 d5 4. Nf3 Bg7 5. e3 O-O 6. b4 dxc4 7. Bxc4 b6 8. Bb2
Bb7 9. O-O Nbd7 10. Rc1 Rc8 11. Qe2 c5 12. bxc5 bxc5 13. d5 Nb6 14. e4 Nxc4 15.
Qxc4 Qa5 16. Rfe1 Nd7 17. Na4 Ba6 18. Qc2 c4 19. Bxg7 Kxg7 20. Qc3+ Qxc3 21.
Nxc3 Nc5 22. Rb1 Nd3 23. Red1 Rc7 24. Nd4 Rfc8 25. g3 Rd7 26. Nc6 e6 27. dxe6
fxe6 28. Nb8 Rd6 29. e5 Rdc6 30. f4 g5 31. Rf1 gxf4 32. gxf4 Kh6 33. Rf3 Rg8+
34. Kf1 Rc7 35. Rh3+ Kg7 36. Rg3+ Kh8 37. Nxa6 Rf7 38. Ne2 Nxe5 39. Rxg8+ Kxg8
40. Rb8+ Kg7 41. Nc5 Nd3 42. Nxe6+ Kf6 43. Ng5 Re7 44. Rf8+ Kg6 45. h4 h6 46.
Nf3 Rb7 47. Nfd4 Rb1+ 48. Kg2 Rb2 49. Kf3 Rxa2 50. f5+ Kg7 51. Ne6+ Kh7 52.
Rf7+ Kh8 53. Rc7 Ne5+ 54. Ke3 Ng4+ 55. Kf4 Nf6 56. Rc8+ Kh7 57. N2d4 c3 58. Ke5
Ng4+ 59. Kd6 Rf2 60. Rc7+ Kh8 61. Rxc3 a5 62. Ke7 h5 63. Rc8+ Kh7 64. Ng5+ 1-0

[Event "Grenoble-Bischwiller II"]
[Site "Montrevel en Bresse"]
[Date "2008.01.19"]
[Round "5.4"]
[White "Lutz, Eric"]
[Black "Forgues, Fabien"]
[Result "0-1"]
[WhiteElo "2230"]
[BlackElo "2146"]
[PlyCount "55"]
[EventDate "2008.01.19"]
[SourceDate "2007.10.27"]

1. d4 Nf6 2. c3 g6 3. Bg5 Bg7 4. Nd2 d5 5. e3 O-O 6. Bd3 Nbd7 7. f4 c5 8. Qf3
Rb8 9. Ne2 b5 10. a3 c4 11. Bc2 a5 12. g4 b4 13. axb4 axb4 14. h4 bxc3 15. bxc3
Rb2 16. Rc1 Re8 17. Rg1 Ne4 18. Nxe4 dxe4 19. Bxe4 f6 20. h5 fxg5 21. fxg5 Ne5
22. Qh3 Nd3+ 23. Bxd3 cxd3 24. hxg6 Rxe2+ 25. Kd1 hxg6 26. Rh1 Qa5 27. Qh7+ Kf8
28. Rf1+ 0-1

[Event "Grenoble-Bischwiller II"]
[Site "Montrevel en Bresse"]
[Date "2008.01.19"]
[Round "5.5"]
[White "Broca, Alexandre"]
[Black "Schulz, Vladimir"]
[Result "0-1"]
[WhiteElo "2149"]
[BlackElo "2204"]
[PlyCount "82"]
[EventDate "2008.01.19"]
[SourceDate "2007.10.27"]

1. e4 c5 2. Nf3 Nc6 3. d4 cxd4 4. Nxd4 g6 5. Nc3 Bg7 6. Nb3 Nf6 7. Be2 O-O 8.
O-O d6 9. Re1 Be6 10. Bf1 a5 11. Rb1 a4 12. Nd4 Nxd4 13. Qxd4 Nd5 14. Qxd5 Bxd5
15. Nxd5 e6 16. Ne3 d5 17. exd5 exd5 18. c4 d4 19. Nd5 Re8 20. Bd2 Rxe1 21.
Rxe1 Bf8 22. g3 Rc8 23. h4 h6 24. Re4 Kh7 25. h5 Rc6 26. b3 axb3 27. axb3 Bg7
28. Re7 Rd6 29. Rxf7 Rxd5 30. cxd5 Qxd5 31. Bc4 Qxh5 32. Bb4 b5 33. Be6 Qe5 34.
Re7 Qg5 35. Kg2 h5 36. f4 Qf6 37. Re8 d3 38. Bg8+ Kh6 39. Be7 d2 40. Bxf6 Bxf6
41. g4 hxg4 0-1

[Event "Grenoble-Bischwiller II"]
[Site "Montrevel en Bresse"]
[Date "2008.01.19"]
[Round "5.6"]
[White "Netzer, Jacques"]
[Black "Chevant, Louis"]
[Result "1/2-1/2"]
[WhiteElo "2011"]
[BlackElo "2196"]
[PlyCount "91"]
[EventDate "2008.01.19"]
[SourceDate "2007.10.27"]

1. e4 e6 2. d4 d5 3. Nd2 Nf6 4. e5 Nfd7 5. Bd3 c5 6. c3 Nc6 7. Ne2 Qb6 8. Nf3
f6 9. exf6 Nxf6 10. O-O Bd7 11. Re1 O-O-O 12. a3 Re8 13. b4 c4 14. Bc2 Bd6 15.
Bf4 Qc7 16. Bxd6 Qxd6 17. a4 Rhf8 18. Ng3 Qf4 19. a5 g5 20. Qe2 g4 21. Ne5 Re7
22. Nxc6 Bxc6 23. Nf5 Ree8 24. Ng7 Re7 25. Nxe6 Qd6 26. Qe5 Qxe5 27. Rxe5 Rfe8
28. Rae1 Ne4 29. Bxe4 dxe4 30. d5 Bxd5 31. Rxd5 Rxe6 32. Rc5+ Rc6 33. Rxc6+
bxc6 34. f3 gxf3 35. gxf3 Rg8+ 36. Kf2 exf3 37. Kxf3 Rf8+ 38. Kg4 Rf2 39. h4
Rg2+ 40. Kf4 Rh2 41. Kg3 Rd2 42. Re3 Kd7 43. Kf4 c5 44. bxc5 Rd5 45. Re5 Rd3
46. Re3 1/2-1/2

[Event "Grenoble-Bischwiller II"]
[Site "Montrevel en Bresse"]
[Date "2008.01.19"]
[Round "5.8"]
[White "Genzling, Sylvie"]
[Black "Hourlier, Claire"]
[Result "1-0"]
[WhiteElo "1942"]
[BlackElo "1920"]
[PlyCount "79"]
[EventDate "2008.01.19"]
[SourceDate "2007.10.27"]

1. e4 c5 2. Nf3 Nc6 3. d4 cxd4 4. Nxd4 g6 5. c4 Bg7 6. Be3 Nf6 7. Nc3 O-O 8.
Be2 d6 9. O-O a6 10. Kh1 Bd7 11. f4 Qc8 12. Rc1 Re8 13. Nd5 Qd8 14. Nxc6 bxc6
15. Nb6 Rb8 16. e5 Ne4 17. Nxd7 Qxd7 18. Bf3 f5 19. b3 Red8 20. Qc2 d5 21. Rfe1
e6 22. Qe2 Qb7 23. Rc2 Bf8 24. Bxe4 fxe4 25. Qg4 Qf7 26. cxd5 cxd5 27. Rc6 Rbc8
28. Rxe6 Qd7 29. f5 Re8 30. Rxe8 Rxe8 31. e6 Qg7 32. h3 Rd8 33. Bd4 gxf5 34.
Qxf5 Qg6 35. Qe5 Qg7 36. Qf4 Bd6 37. Qf5 Qe7 38. Bf6 Qc7 39. Bxd8 Qxd8 40. Qxd5
1-0

[Event "Saverne-Montrevel en Bresse"]
[Site "Montrevel en Bresse"]
[Date "2008.01.19"]
[Round "5.1"]
[White "Schlupp, Olivier"]
[Black "Janev, Evgeni"]
[Result "0-1"]
[WhiteElo "2142"]
[BlackElo "2485"]
[PlyCount "40"]
[EventDate "2008.01.19"]
[SourceDate "2007.10.27"]

1. e4 e5 2. Nf3 Nc6 3. Bc4 Bc5 4. d3 Nf6 5. Bb3 d5 6. exd5 Nxd5 7. O-O Bg4 8.
Re1 O-O 9. h3 Bh5 10. g4 Bg6 11. Nxe5 Qh4 12. Qf3 Rae8 13. Bxd5 Nxe5 14. Rxe5
Rxe5 15. Nc3 c6 16. Bb3 Re1+ 17. Kg2 Rfe8 18. Ne4 R8xe4 19. Bxf7+ Bxf7 20. dxe4
Rxe4 0-1

[Event "Saverne-Montrevel en Bresse"]
[Site "Montrevel en Bresse"]
[Date "2008.01.19"]
[Round "5.2"]
[White "Lamoureux, Charles"]
[Black "Ruffenach, Alain"]
[Result "1-0"]
[WhiteElo "2354"]
[BlackElo "2064"]
[PlyCount "87"]
[EventDate "2008.01.19"]
[SourceDate "2007.10.27"]

1. e4 g6 2. d4 Bg7 3. Nc3 d6 4. Nf3 Nf6 5. Be2 O-O 6. O-O Nbd7 7. e5 Ne8 8. Re1
c5 9. Bg5 cxd4 10. exd6 Nxd6 11. Nxd4 Nf6 12. Bd3 Bd7 13. h3 Re8 14. Qd2 Qb6
15. Nb3 Bc6 16. a4 Rad8 17. Qc1 Qc7 18. Nb5 Nxb5 19. axb5 Bd5 20. Nd2 b6 21.
Ra4 Rd7 22. Nc4 e5 23. Bh6 Bh8 24. Ne3 Be6 25. Bc4 Rd4 26. b3 Bxc4 27. Nxc4 Rd5
28. Qa3 Re7 29. Ra1 Rdd7 30. Ne3 Ne8 31. c4 Qd6 32. Nd5 Re6 33. Qxd6 Rdxd6 34.
Rxa7 Bg7 35. Be3 e4 36. R1a6 Be5 37. Rxb6 Nf6 38. Rxd6 Rxd6 39. Bh6 Rd8 40.
Nxf6+ Bxf6 41. b6 Be5 42. g3 f5 43. c5 Rd3 44. c6 1-0

[Event "Saverne-Montrevel en Bresse"]
[Site "Montrevel en Bresse"]
[Date "2008.01.19"]
[Round "5.3"]
[White "Berring, Alain"]
[Black "Todorov, Ognjan"]
[Result "0-1"]
[WhiteElo "2030"]
[BlackElo "2313"]
[PlyCount "64"]
[EventDate "2008.01.19"]
[SourceDate "2007.10.27"]

1. c4 e5 2. g3 Nf6 3. Bg2 h6 4. a3 c6 5. d4 exd4 6. Qxd4 d5 7. Nf3 Be7 8. cxd5
cxd5 9. Nc3 Nc6 10. Qd1 d4 11. Nb1 O-O 12. O-O Qb6 13. Ne1 Be6 14. Nd2 Rfd8 15.
Nd3 Rac8 16. Nf4 Bf5 17. Nc4 Qa6 18. b3 b5 19. Nb2 Na5 20. Nbd3 Qb6 21. Bd2 g5
22. Nh3 Nd5 23. Bxd5 Rxd5 24. Kg2 Rcd8 25. f3 Bxh3+ 26. Kxh3 Qe6+ 27. Kg2 Nxb3
28. Rb1 Nxd2 29. Qxd2 a6 30. Nb4 Rc5 31. Nc2 Bf6 32. Rb3 Rc3 0-1

[Event "Saverne-Montrevel en Bresse"]
[Site "Montrevel en Bresse"]
[Date "2008.01.19"]
[Round "5.4"]
[White "Cavillon, Fabien"]
[Black "Brolly, Pierre Louis"]
[Result "1-0"]
[WhiteElo "2110"]
[BlackElo "1994"]
[PlyCount "77"]
[EventDate "2008.01.19"]
[SourceDate "2007.10.27"]

1. e4 c5 2. Nc3 Nc6 3. g3 g6 4. d3 Bg7 5. Be3 d6 6. Bg2 Rb8 7. Qd2 b5 8. f4 b4
9. Nd1 e6 10. Nf3 Nge7 11. O-O O-O 12. c3 bxc3 13. bxc3 Qa5 14. Rf2 Bd7 15. g4
f5 16. gxf5 gxf5 17. Bh3 Kh8 18. Rg2 Bf6 19. Ng5 Bxg5 20. Rxg5 d5 21. Qf2 Rg8
22. Rxg8+ Rxg8+ 23. Kh1 fxe4 24. dxe4 d4 25. Bd2 Qc7 26. Qh4 Rg7 27. Nf2 Ng6
28. Qh6 Nce7 29. Rg1 Qb7 30. cxd4 cxd4 31. Qg5 Bc6 32. Bg2 Qb2 33. Qa5 Qb7 34.
Qd8+ Ng8 35. Qxd4 e5 36. fxe5 Nh4 37. e6 Nxg2 38. Bc3 Nh6 39. Rxg2 1-0

[Event "Saverne-Montrevel en Bresse"]
[Site "Montrevel en Bresse"]
[Date "2008.01.19"]
[Round "5.5"]
[White "Collonge, Rene"]
[Black "Chebance, Benoit"]
[Result "0-1"]
[WhiteElo "1988"]
[BlackElo "2001"]
[PlyCount "44"]
[EventDate "2008.01.19"]
[SourceDate "2007.10.27"]

1. d4 d5 2. Nf3 Nf6 3. Bf4 Bf5 4. e3 e6 5. Bd3 Bg6 6. Ne5 Nbd7 7. Nd2 c5 8.
Nxg6 hxg6 9. g4 Qb6 10. dxc5 Nxc5 11. Be5 Nxd3+ 12. cxd3 Nd7 13. Bd4 Qd6 14.
Nf1 e5 15. Bc3 d4 16. exd4 exd4 17. Bd2 O-O-O 18. Rc1+ Kb8 19. Qf3 Ne5 20. Qg3
Qd5 21. Kd1 Qxh1 22. Qxe5+ Bd6 0-1

[Event "Saverne-Montrevel en Bresse"]
[Site "Montrevel en Bresse"]
[Date "2008.01.19"]
[Round "5.6"]
[White "Lamoureux, Izabelle"]
[Black "Kuchly, Sylvain"]
[Result "1-0"]
[WhiteElo "2095"]
[BlackElo "1750"]
[PlyCount "57"]
[EventDate "2008.01.19"]
[SourceDate "2007.10.27"]

1. e4 Nf6 2. e5 Nd5 3. d4 d6 4. Nf3 Bg4 5. exd6 exd6 6. Be2 Be7 7. O-O O-O 8.
c3 Nd7 9. Qb3 N5b6 10. c4 Re8 11. Be3 a5 12. Nbd2 c5 13. d5 Bf6 14. a4 Ne5 15.
Rfe1 Re7 16. Nxe5 Bxe2 17. Nxf7 Bxc4 18. Nxc4 Rxf7 19. Nxb6 Ra6 20. Nc4 Qd7 21.
Re2 Qf5 22. Rd1 h5 23. Qd3 Qg4 24. Rde1 h4 25. f3 Qd7 26. Bf2 Qxa4 27. Re8+ Rf8
28. Qe4 Kf7 29. Qe6+ 1-0